Word Ladder: Taylor's Hit Quiz Stats

 Plays Quiz Updated Apr 23, 2015

Challenge
Share
Tweet
Embed
Score 0/14 Timer 01:30
0 Plays Today
Clue 5-Letter Word % Correct
The color of ebonyBLACK
92.9%
Cinnamon or turmeric, e.g.SPICE
88.1%
A section of a pieSLICE
87.8%
Knock over 10 pins with two ballsSPARE
83.6%
Clothing for covering the torsoSHIRT
82.8%
A key to make capital lettersSHIFT
80.4%
Second word of Taylor [Rung 14]'s 2014-15 #1 songSPACE
79.1%
Clue 5-Letter Word % Correct
Taylor who sings '[Rung 1] [Rung 8]'SWIFT
78.9%
Where Frodo Baggins is from, with TheSHIRE
75.3%
A unit of stockSHARE
74.1%
Roberta who sang 'Killing me Softly'FLACK
72.8%
Slippery or cleverSLICK
71.5%
A vid or movieFLICK
70.9%
First word of Taylor [Rung 14]'s 2014-15 #1 songBLANK
68.2%

Today's Daily Dose

You're not logged in!

Compare scores with friends on all Sporcle quizzes.
Join for Free
OR
Log In

You Might Also Like...

Show Comments

Extras

Top Quizzes Today


Score Distribution

Your Account Isn't Verified!

In order to create a playlist on Sporcle, you need to verify the email address you used during registration. Go to your Sporcle Settings to finish the process.

Report this User

Report this user for behavior that violates our Community Guidelines.

Details: